Jaki styl architektoniczny ma ta budowla? - Statystyki

Ogólne statystyki
  • Ten quiz został rozwiązany 93 razy
  • Średni wynik to 9 z 30
Statystyki odpowiedzi
Obrazkowy Odpowiedź % Poprawnych
gotyk
72%
romański
62%
barok
54%
gotycki
51%
romański
47%
modernizm
43%
gotycki
41%
barok
39%
bizantyjski
39%
brutalizm
39%
gotycki
39%
secesja
39%
renesans
37%
rokoko
37%
klasyczny
34%
neogotycki
32%
zakopiański
28%
neobarok
25%
secesja
24%
art deco
22%
klasycyzm
18%
renesans
17%
neoklasycyzm
14%
neoromanizm
9%
dworkowy
8%
ekspresjonizm
8%
ekspresjonizm
7%
arkadowy
5%
neorosyjski
3%
ekletyzm
1%
Nie znaleziono quizów pasujących do podanych kryteriów
Rozkład punktacji
Procent ludzi z każdym wynikiem
Percentyl według liczby udzielonych odpowiedzi
Twoja historia wyników
Nie rozwiązałeś tego quizu